000 00879nab a2200265 u 4500
001 14307
003 HDC
007 cr bn ---aaaaa
008 210201b20120712my ||||| |||| 00| 0 eng d
040 _aHDC
245 0 _aGlobal halal mart offers plenty of opportunities
260 _aKuala Lumpur :
_bBernama,
_c2012
300 _a1 online resource
336 _atext
_2rdacontent
337 _acomputer
_2rdamedia
338 _aonline resource
_2rdacarrier
650 _aFood Industry and Trade
_9140
650 _aFood
_xReligious aspects
_xIslam.
_9239
650 _aGlobal maritime halal hub.
_95874
710 _aBernama
_eissung body
856 _zRequest full-text at [email protected]
942 _2lcc
942 _cNEWS
942 _kNWSC 003190
999 _c11623
_d11623